00964nam a2200241 4500003001100000005001700011008004100028020001500069040003900084041000800123082001600131100002000147245008500167260008300252300002300335490005600358650003100414650001900445856014500464942000700609952009100616999001500707LK-CoMWRAF20231203122122.0231203b2005 |||||||| |||| 00| 0 eng d a983424004X aLK-CoMWRAFdLK-CoMWRAFeLK-CoMWRAF aeng a305.42bJAI aJaising, Indira aThe validity of reservations and declarations to CEDAW : bthe Indian experience aKuala Lumpur: bInternational Women's Rights Action Watch Asia Pacific, c2005 a ii, 27 p. ; 22 cm aIWRAW Asia Pacific occasional papers series vNo. 5 aWomen Legal status, laws,  aWomen's rights uhttps://www.iwraw-ap.org/wp-content/uploads/2018/09/OPS_5-THE-VALIDITY-OF-RESERVATIONS-AND-DECLARATIONS-TO-CEDAW-_-The-Indian-Experience.pdf cBK 00104070aMAINbMAINd2023-12-03l0o305.42 JAIpRAF3296r2023-12-03w2023-12-03yBK c4284d4284